000 00703nam a2200169Ia 4500
008 090711s9999 xx 000 0 und d
082 _b47423
100 _aसाठवणे पां. आ.
245 _aSाुना काथ मेहंदी यांSाा औषधी उपयोग
260 _bसाठवणे प्रकाशन
_c1985
300 _a18
600 _aसाठवणे पां. आ.
630 _aSाुना काथ मेहंदी यांSाा औषधी उपयोग
700 _aसाठवणे पां. आ.
730 _aSाुना काथ मेहंदी यांSाा औषधी उपयोग
942 _cBOOK
999 _c328899
_d328899